000 00644nam a2200193 a 4500
001 000661350
003 AM-YeHGA
005 20250617141604.0
008 090526s1964 ||| r 000 0 rus d
040 _aAM-YeHGA
041 0 _arus
100 1 _aЛебединский, Александр Александрович
245 1 0 _aПортреты композиторов- калужан /
_cАлександр Лебединский.
260 _aКалуга :
_bКалужское кн. изд-во,
_c1964.
300 _a216 с.
653 0 _aМузыка
653 0 _aКомпозиторы калужские
090 _c243158
999 _c241579
_d241579